| Tag |
First Indicator |
Second Indicator |
Subfields |
| LEADER |
00000cam a2200000Ii 4500 |
| 001 |
in00003417708 |
| 005 |
20131121144605.0 |
| 008 |
130624s2013 enka b 000 0deng d |
| 035 |
|
|
|a (OCoLC)ocn855705411
|
| 040 |
|
|
|a UKM
|e rda
|c UKM
|d YDX
|d CUV
|
| 020 |
|
|
|a 9781780673073 (hbk.)
|
| 020 |
|
|
|a 1780673078 (hbk.)
|
| 043 |
|
|
|a n-us---
|
| 082 |
0 |
|
|a 741.672092
|2 23
|
| 090 |
|
|
|a TT509
|b .R49 2013
|
| 049 |
|
|
|a TXAM
|
| 100 |
1 |
|
|a Rhys Morgan, Dean,
|e author.
|
| 245 |
1 |
0 |
|a Bold, beautiful and damned :
|b the world of 1980s fashion illustrator Tony Viramontes /
|c Dean Rhys Morgan ; foreword by Jean Paul Gaultier.
|
| 264 |
|
1 |
|a London :
|b Laurence King Publishing,
|c 2013.
|
| 300 |
|
|
|a 192 pages :
|b illustrations (chiefly color) ;
|c 32 cm.
|
| 336 |
|
|
|a text
|b txt
|2 rdacontent
|
| 336 |
|
|
|a still image
|b sti
|2 rdacontent
|
| 337 |
|
|
|a unmediated
|b n
|2 rdamedia
|
| 338 |
|
|
|a volume
|b nc
|2 rdacarrier
|
| 504 |
|
|
|a Includes bibliographical references (page 192).
|
| 600 |
1 |
0 |
|a Viramontes, Tony,
|d 1956-1988.
|
| 650 |
|
0 |
|a Fashion illustrators
|z United States.
|
| 650 |
|
0 |
|a Fashion drawing
|x History
|y 20th century.
|
| 700 |
1 |
|
|a Viramontes, Tony,
|d 1956-1988,
|e illustrator.
|
| 700 |
1 |
|
|a Gaultier, Jean-Paul,
|e writer of added commentary.
|
| 945 |
|
|
|a PromptCat
|b 532052
|
| 946 |
|
|
|a stk
|
| 947 |
|
|
|a A14839889111
|
| 948 |
|
|
|a cataloged
|b h
|c 2013/11/21
|d c
|e dmitchel
|f 2:44:16 pm
|
| 994 |
|
|
|a C0
|b TXA
|
| 999 |
f |
f |
|s 1ca87a84-f7fe-3c16-a77f-d68c5563c1f2
|i b779b946-deae-3677-8247-33a90cbd86ec
|t 0
|
| 952 |
f |
f |
|p ric
|a Texas A&M University
|b Rellis Campus
|c Joint Library Facility
|d Remote Storage
|t 0
|e TT509 .R49 2013
|f Oversize
|h Library of Congress classification
|i unmediated -- volume
|m A14839889111
|
| 998 |
f |
f |
|a TT509 .R49 2013
|t 0
|l Remote Storage
|